UBT Library

Foundations of Managerial Finance (Record no. 49184)

000 -LEADER
fixed length control field 00312nam a22001337a 4500
008 - FIXED-LENGTH DATA ELEMENTS--GENERAL INFORMATION
fixed length control field 181009b xxu||||| |||| 00| 0 eng d
020 ## - INTERNATIONAL STANDARD BOOK NUMBER
International Standard Book Number 9780673995674
041 ## - LANGUAGE CODE
Language code of text/sound track or separate title eng
080 ## - UNIVERSAL DECIMAL CLASSIFICATION NUMBER
Edition identifier 4th
Universal Decimal Classification number 330.722
100 ## - Rafti
Rafti 62
101 ## - Shkurtesa
Shkurtesa KM
245 ## - TITLE STATEMENT
Title Foundations of Managerial Finance
Statement of responsibility, etc Gitman,L.J
942 ## - ADDED ENTRY ELEMENTS (KOHA)
Source of classification or shelving scheme
Item type Books
Holdings
Withdrawn status Lost status Source of classification or shelving scheme Damaged status Not for loan Collection code Permanent location Current location Shelving location Date acquired Total Checkouts Full call number Barcode Date last seen Price effective from Koha item type
          Koleksioni i përgjithshem UBT - Lipjan UBT - Lipjan Koleksioni i përgjithshem 10/09/2018   330.722 GIT 002-3014607 10/09/2018 10/09/2018 Books
UBT Library © 2015-2024. All rights reserved University Education for Business and Technology